00414nam a2200133Ia 4500082001200000100001900012245008800031260003200119300001000151650003900161650003200200650003300232710001500265 aTS.0863 aSharma, Savita 0aImpact of infrastructure in inter-state variations in economic development in India c1996bKurukshetra Universiy a167p. aINFRASTRUCTURE (ECONOMICS) - INDIA aINDIA - ECONOMIC CONDITIONS aECONOMIC DEVELOPMENT - INDIA aJain, T.L.